Who or Whom? Quiz Stats

 Plays Quiz not verified by Sporcle

Challenge
Share
Tweet
Embed
Score 0/13 Timer 01:00
0 Plays Today
Grammer % Correct
????
100%
????
100%
????
98.2%
????
97.7%
????
96.3%
????
94.9%
????
92.2%
????
88.9%
????
88%
????
85.7%
????
83.4%
????
82.5%
????
80.6%

You're not logged in!

Compare scores with friends on all Sporcle quizzes.
Join for Free
OR
Log In

You Might Also Like...

Show Comments

Extras

Created Nov 11, 2010ReportNominate
Tags:grammer, usage

Top Quizzes Today


Score Distribution

Your Account Isn't Verified!

In order to create a playlist on Sporcle, you need to verify the email address you used during registration. Go to your Sporcle Settings to finish the process.

Report this User

Report this user for behavior that violates our Community Guidelines.

Details: